| 000 | 02365nam2a22002411 4500 | ||
|---|---|---|---|
| 001 | rc\1093508 | ||
| 005 | 20250622191901.0 | ||
| 035 | _a(NLR Aleph) 006377002 | ||
| 090 |
_a5049824 _c5049824 |
||
| 100 | _a20041126d1984 |||y0rusy50 ca | ||
| 101 | 0 | _arus | |
| 102 | _aRU | ||
| 105 | _ay ||||||||| | ||
| 200 | 0 | _a... № 1 | |
| 210 |
_d1984 _aБ. м. |
||
| 215 | _a47 с. | ||
| 333 | _aДСП. Экз. № 000006 | ||
| 461 | 0 |
_1001rc\1093507 _12001#$a[Провода неизолированные, проволока, шины, коллекторная медь (катанка, профили токопроводящие жилы)$eКабели и провода управления, контроля, сигнализации. Кабели и провода термоэлектродные: НКЭ 19.3.01-81$eКабели, провода и шнуры связи, радиочастотные, коаксиальные, телевизионные, волноводы: НКЭ 19.4.01-81$eКабели, провода и шнуры различного назначения: НКЭ 19.7.01-81$eНоменклатур. каталог]$eДополнения...$fМ-во электротехн. пром-сти, ВНИИ информ. и техн.-экон. исслед. в электротехнике$v... № 1 _99564089 _cМ. _d1984 _fМ-во электротехн. пром-сти, ВНИИ информ. и техн.-экон. исслед. в электротехнике _nИнформэлектро _oКабели и провода управления, контроля, сигнализации. Кабели и провода термоэлектродные: НКЭ 19.3.01-81 : Кабели, провода и шнуры связи, радиочастотные, коаксиальные, телевизионные, волноводы: НКЭ 19.4.01-81 : Кабели, провода и шнуры различного назначения: НКЭ 19.7.01-81 : Номенклатур. каталог] : Дополнения... _t[Провода неизолированные, проволока, шины, коллекторная медь (катанка, профили токопроводящие жилы) _v... № 1 |
|
| 801 | 0 |
_aRU _bNLR _gpsbo |
|
| 801 | 1 |
_aRU _bELAR _2rusmarc |
|
| 852 |
_aNLR _j84-50К/8828 |
||
| 942 | _cBOOK | ||
| 980 | _aNB | ||